Progressing Scottish BIDs (Record no. 117254)
[ view plain ]
| 000 -LEADER | |
|---|---|
| fixed length control field | 01250cam a2200241 4500 |
| 001 - CONTROL NUMBER | |
| control field | WB4016-17 |
| 008 - FIXED-LENGTH DATA ELEMENTS--GENERAL INFORMATION | |
| fixed length control field | 040427n2004 000 0 eng u |
| 035 ## - SYSTEM CONTROL NUMBER | |
| System control number | (Sirsi) u126023 |
| 245 ## - TITLE STATEMENT | |
| Title | Progressing Scottish BIDs |
| 260 ## - PUBLICATION, DISTRIBUTION, ETC. | |
| Date of publication, distribution, etc. | 2004 |
| 490 ## - SERIES STATEMENT | |
| Series statement | Scottish Executive News Release |
| Volume/sequential designation | (SEEL317b/2004)22 April 2004 (3) |
| 520 ## - SUMMARY, ETC. | |
| Summary, etc. | A working group involving both private and public sector stakeholders has been set up to progress the introduction of Business Improvement Districts (BIDs) in Scotland. This follows on the very positive response to the BIDs consultation completed in October 2003. The working group's remit is to make recommendations on the involvement of property owners, the introduction of pilot projects, the production of a draft guidance document and the use of BIDs in rural areas. Analysis of consultation responses is available at http://www.scotland.gov.uk/library5/finance/bidres ponses.pdf. http://www.scotland.gov.uk/pages/news/2004/04/SEEL 317b.aspx |
| 590 ## - LOCAL NOTE (RLIN) | |
| Local note | WB |
| 590 ## - LOCAL NOTE (RLIN) | |
| Local note | WB |
| 650 ## - SUBJECT ADDED ENTRY--TOPICAL TERM | |
| Topical term or geographic name entry element | BUSINESS IMPROVEMENT DISTRICTS |
| 650 ## - SUBJECT ADDED ENTRY--TOPICAL TERM | |
| Topical term or geographic name entry element | SCOTLAND |
| 650 ## - SUBJECT ADDED ENTRY--TOPICAL TERM | |
| Topical term or geographic name entry element | PROPERTY OWNERS |
| 650 ## - SUBJECT ADDED ENTRY--TOPICAL TERM | |
| Topical term or geographic name entry element | PILOT PROJECT |
| 650 ## - SUBJECT ADDED ENTRY--TOPICAL TERM | |
| Topical term or geographic name entry element | DRAFT GUIDANCE |
| 650 ## - SUBJECT ADDED ENTRY--TOPICAL TERM | |
| Topical term or geographic name entry element | RURAL AREAS |
| 690 ## - LOCAL SUBJECT ADDED ENTRY--TOPICAL TERM (OCLC, RLIN) | |
| Topical term or geographic name as entry element | REGENERATION |
| 942 ## - ADDED ENTRY ELEMENTS (KOHA) | |
| Suppress in OPAC | 0 |
| Withdrawn status | Lost status | Source of classification or shelving scheme | Damaged status | Not for loan | Home library | Current library | Shelving location | Date acquired | Total Checkouts | Full call number | Barcode | Date last seen | Copy number | Price effective from | Koha item type |
|---|---|---|---|---|---|---|---|---|---|---|---|---|---|---|---|
| Dewey Decimal Classification | London | London | News article | 27/04/2004 | WB4016-17 | 126023-1001 | 06/08/2019 | 1 | 06/08/2019 | News article |